| 000 | 00499nam a2200169 i 4500 | ||
|---|---|---|---|
| 001 | 71615 | ||
| 003 | ES-MaACL | ||
| 005 | 20230906171158.0 | ||
| 007 | t| | ||
| 008 | 040813s1964 sp ||||1| spa d | ||
| 100 | 1 |
_aGeorge, Pierre. _956386 |
|
| 245 | 1 | 0 |
_aCompendio de geografía rural / _cpor Pierre George ; versión por J, Soler. |
| 260 |
_aBarcelona : _bAriel, _c[1964] |
||
| 300 |
_a362 p., 32 lám. : _bil. ; _c20 cm. |
||
| 700 | 1 |
_aSoler, J. _9107145 |
|
| 852 |
_aES-MaACL _jC-27274 _bR.56472 |
||
| 999 |
_c71615 _d71615 |
||